ბათუმის შოთა რუსთაველის სახელმწიფო უნივერსიტეტის ბიბლიოთეკა

Climate Change Strategy of Ajara. (ბიბ.ჩანაწერი № 41380)

000 -LEADER
fixed length control field 00680nam a2200217Ia 4500
001 - CONTROL NUMBER
control field 8042
003 - CONTROL NUMBER IDENTIFIER
control field GE_BSU
005 - DATE AND TIME OF LATEST TRANSACTION
control field 20200116150014.0
008 - FIXED-LENGTH DATA ELEMENTS--GENERAL INFORMATION
fixed length control field 181216s2013||||ge |||||||||||||| ||eng||
040 ## - CATALOGING SOURCE
Transcribing agency GE_BSU
041 ## - LANGUAGE CODE
Language code of text/sound track or separate title eng
080 ## - UNIVERSAL DECIMAL CLASSIFICATION NUMBER
Universal Decimal Classification number 551.58(479.223) C-51
245 ## - TITLE STATEMENT
Title Climate Change Strategy of Ajara.
264 ## - PRODUCTION, PUBLICATION, DISTRIBUTION, MANUFACTURE, AND COPYRIGHT NOTICE
Place of production, publication, distribution, manufacture Published in Georgia,
Date of production, publication, distribution, manufacture, or copyright notice 2013.
300 ## - PHYSICAL DESCRIPTION
Extent 284 p.
Other physical details 21 cm.
653 ## - INDEX TERM--UNCONTROLLED
keyword კლიმატი
653 ## - INDEX TERM--UNCONTROLLED
keyword გეოლოგია
653 ## - INDEX TERM--UNCONTROLLED
keyword მეტეოროლოგია
856 ## - ELECTRONIC LOCATION AND ACCESS
Uniform Resource Identifier https://www.ge.undp.org/content/dam/georgia/docs/publications/UNDP_GE_EE_Ajara_CC_2013_eng.pdf
Link text ელ. ვერსია, pdf
942 ## - ADDED ENTRY ELEMENTS (KOHA)
Koha item type წიგნი
Source of classification or shelving scheme
ეგზემპლარები
Withdrawn status Lost status Source of classification or shelving scheme Damaged status Not for loan Permanent Location Current Location Shelving location Date acquired Full call number Barcode Date last seen Copy number Price effective from Koha item type
          ბათუმის შოთა რუსთაველის სახელმწიფო უნივერსიტეტის მთავარი ბიბლიოთეკა ბათუმის შოთა რუსთაველის სახელმწიფო უნივერსიტეტის მთავარი ბიბლიოთეკა წიგნსაცავი 2018-12-17 551.58(479.223) C-51 7424 2018-12-17 7424 2018-12-17 წიგნი
          ბათუმის შოთა რუსთაველის სახელმწიფო უნივერსიტეტის მთავარი ბიბლიოთეკა ბათუმის შოთა რუსთაველის სახელმწიფო უნივერსიტეტის მთავარი ბიბლიოთეკა წიგნსაცავი 2018-12-17 551.58(479.223) C-51 7425 2018-12-17 7425 2018-12-17 წიგნი